000 00372 a2200157 4500
001 61111
020 _a9783468471025
040 _cAnchieta - Pituba
100 _aMariotta, Maruska
240 1 0 _aGeni@l klick A1
_ldeu / ger
245 1 0 _aGeni@l klick A1
300 _a136
362 0 _a2011
650 4 _aLínguas germânicas (teutônicas) língua alemã
942 _cBK
999 _c61111
_d61111